Géographie de l'Afrique par lettre - S - Statistiques

Statistiques générales
  • Ce quiz a été pris 147 fois
  • Le résultat moyen est 8 sur 12
Statistiques - réponses
Indice Réponse % Correct
Désert occupant une majeure partie du continent Sahara
100%
Canal reliant la Mer Méditerranée à la Mer Rouge Canal de {Suez}
97%
Mot par lequel commencent la moitié des communes de la Réunion Saint
88%
Pays ayant obtenu son indépendance en 2011, le plus récent jusqu'à présent Soudan du Sud
83%
Nation insulaire assez touristique Seychelles
77%
Île britannique où fut exilé puis est mort Napoléon Sainte-Hélène
73%
Zone semi-aride située juste au sud de ce désert Sahel
60%
Pays dont le nom signifie "Montagnes du lion" Sierra Leone
58%
Animal national d'Afrique du Sud et surnom de leur équipe national de rugby Springbok
56%
Péninsule entre ce même canal et l'Asie Sinaï
42%
Monnaie commune au Kenya, à la Tanzanie, à l'Ouganda... Shilling
25%
Ancien pays éphémère unissant deux pays d'Afrique de l'Ouest Sénégambie
6%
Aucun quiz correspondant
Distribution des résultats
% des personnes avec chaque résultat
Percentile par nombre de réponses
Votre historique - résultats
Vous n’avez pas pris ce quiz